Género y mercado de trabajo: Honduras y Nicaragua /
Este artículo se propone contribuir al debate sobre como las desigualdades de género inciden en la pobreza de las mujeres, y los factores que las políticas de empleo y combate contra la pobreza deben incorporar para evitar reproducir las inequidades entre hombres y mujeres. Se examina la magnitud y...
সংরক্ষণ করুন:
| প্রধান লেখক: | |
|---|---|
| বিন্যাস: | পাঠ্য |
| প্রকাশিত: |
San José:
OIT
|
| বিষয়গুলি: | |
| ট্যাগগুলো: |
ট্যাগ যুক্ত করুন
কোনো ট্যাগ নেই, প্রথমজন হিসাবে ট্যাগ করুন!
|
MARC
| LEADER | 00000 a a2200000 04500 | ||
|---|---|---|---|
| 001 | 32777 | ||
| 003 | |||
| 040 | |||
| 020 | |a 92-2-315011-6 | ||
| 022 | |a 92-2-315011-6 | ||
| 090 | |a 204403 | ||
| 100 | |a Fernández - Pacheco, Janina | ||
| 245 | |a Género y mercado de trabajo: Honduras y Nicaragua / |c Janina Fernández - Pacheco | ||
| 260 | |a San José: |b OIT | ||
| 300 | |a 424 p. | ||
| 520 | |a Este artículo se propone contribuir al debate sobre como las desigualdades de género inciden en la pobreza de las mujeres, y los factores que las políticas de empleo y combate contra la pobreza deben incorporar para evitar reproducir las inequidades entre hombres y mujeres. Se examina la magnitud y evolución de la pobreza, así como los factores de género que inciden en este fenómeno y el aporte de las mujeres a su superación, así como las dificultades que enfrentan en el mercado de trabajo. Asimismo se analiza los desafíos y contenidos de las políticas públicas desde una perspectiva de género | ||
| 650 | |a DISCRIMINACION BASADA EN EL GENERO | ||
| 650 | |a POBREZA | ||
| 650 | |a ANALISIS DE GENERO | ||
| 650 | |a ANALISIS COMPARATIVO | ||
| 650 | |a JEFAS DE HOGAR | ||
| 650 | |a MERCADO DE TRABAJO | ||
| 650 | |a POLITICA GUBERNAMENTAL | ||
| 650 | |a ALIVIO DE LA POBREZA | ||
| 650 | |a AMERICA LATINA | ||
| 650 | |a JEFAS DE HOGAR | ||
| 650 | |a INGRESO | ||
| 650 | |a POBLACION OCUPADA | ||
| 999 | |c 6294 |d 6294 | ||



